00844nam a2200193 i 450000100060000000300090000600500170001500700030003200800410003510000420007624501100011826000450022830000320027350000910030571000840039685200320048099900170051295201210052975982ES-MaACL20230906172658.0t|040928s1955 mr ||||1| spa d1 aGuastavino Gallent, Guillermo.96036910aDe ambos lados del Estrecho b: (estudios breves hispano-africanos) / cpor Guillermo Guastavino Gallent. aTetuán : b[s.n., c1955] (fCremades) a332 p., 9 lám. ; c21 cm. aPrecede al tit.: Instituto General Franco de Estudios e Investigación Hispano-Arabe.2 aInstituto General Franco de Estudios e Investigación Hispano-Árabe.9149197 aES-MaACLjC-11341 bR.38819 c75982d75982 00104070aATENEOMbATENEOMcSPALd2008-01-17eSCl0oC-11341p1079521r2023-02-23 00:00:00w2023-02-23yMONOGRAFIA